01445nam a22001577a 4500999001900000008004100019100002700060245009200087260004400179300003800223520083200261773004401093906003001137942000701167952011301174 c525464d525464240305b ||||| |||| 00| 0 eng d aTiwary, Rakesh 950230 aGroundwater based irrigation in Bihar: Patterns of utilisation and recent policy thrust aBihar Journal of Public Administration  a20(2 S), Jul-Dec, 2023: p.536-553 aDevelopment of irrigation infrastructure is key for agriculture growth in the state of Bihar. Farmers of the State have been using groundwater as major resource for irrigation. Data/information on groundwater irrigation reveals patterns and status of utilisation as well as multiple challenges in harnessing the resource. Government role in supporting farmers through policies/strategies is critical for development of groundwater irrigation as well as making it accessible to farmers. Acknowledging its role in achieving the visions of the Agriculture Road Map of Bihar, State government has launched multipronged policy measures for augmenting groundwater based irrigation. The paper analyses recent data on groundwater irrigation in the state as well as key policy initiatives.- Reproduced http://www.iipabiharbranch.org/  aBihar Journal of Public Administration  aWATER RESOURCE MANAGEMENT cAR 00102ddc40709400525aIIPAbIIPAd2024-03-05h20(2 S), Jul-Dec, 2023: p.536-553pAR131261r2024-03-05yAR